| 000 | 00329pam a2200121a 44500 | ||
|---|---|---|---|
| 008 | 230405s2005 xxu||||| |||| 00| 0 eng d | ||
| 041 | _aENG | ||
| 100 | _aALFONSO GENNARO | ||
| 245 | _aREMINGTON THE SCIEENCE AAND PRACTICE OF PHARMACY VOL- II | ||
| 250 | _a21 | ||
| 260 |
_a _bLIPPINCOTT RAVEN PUB NEW YORK _c2005 |
||
| 906 | _a4995 | ||
| 999 |
_c280266 _d280266 |
||